Online katalóg knižníc regiónu Turca

Mallorca, ostrov upratovačiek (Record no. 22451)

MARC details
000 -LEADER
fixed length control field 01208cam a2200361 a 4500
001 - CONTROL NUMBER
control field 22451
003 - CONTROL NUMBER IDENTIFIER
control field SK-KTurca
005 - DATE AND TIME OF LATEST TRANSACTION
control field 20260328122440.0
008 - FIXED-LENGTH DATA ELEMENTS--GENERAL INFORMATION
fixed length control field 240611s1995 xo g 0000f slo
015 ## - NATIONAL BIBLIOGRAPHY NUMBER
National bibliography number SNBA1995/03
020 ## - INTERNATIONAL STANDARD BOOK NUMBER
International Standard Book Number 8022005797
Qualifying information (viaz.)
035 ## - SYSTEM CONTROL NUMBER
System control number SNK000020814
040 ## - CATALOGING SOURCE
Original cataloging agency SNK
Language of cataloging slo
Transcribing agency SNK
Description conventions AACR2
041 1# - LANGUAGE CODE
Language code of text/sound track or separate title slo
Language code of original ger
044 ## - COUNTRY OF PUBLISHING/PRODUCING ENTITY CODE
MARC country code xo
ISO country code SK
072 #7 - SUBJECT CATEGORY CODE
Subject category code 821.112.2-3
Subject category code subdivision Nemecká próza, nemecky písaná
Source konspekt
080 ## - UNIVERSAL DECIMAL CLASSIFICATION NUMBER
Universal Decimal Classification number 821.112.2(494)-31
Edition identifier 2011
100 1# - MAIN ENTRY--PERSONAL NAME
Personal name Moser, Milena,
Dates associated with a name 1963-
Relationship aut
240 14 - UNIFORM TITLE
Uniform title Die Putzfraueninsel
Language of a work Slovensky
245 10 - TITLE STATEMENT
Title Mallorca, ostrov upratovačiek
Statement of responsibility, etc. Milena Moser ; preložila Elena Diamantová
250 ## - EDITION STATEMENT
Edition statement 1. vyd.
260 ## - PUBLICATION, DISTRIBUTION, ETC.
Place of publication, distribution, etc. Bratislava
Name of publisher, distributor, etc. Slovenský spisovateľ
Date of publication, distribution, etc. 1995
Place of manufacture Bratislava
Manufacturer Svornosť
300 ## - PHYSICAL DESCRIPTION
Extent 143 s.
Dimensions 21 cm
490 1# - SERIES STATEMENT
Series statement Spoločnosť priateľov krásnych kníh
Volume/sequential designation zv. 566
500 ## - GENERAL NOTE
General note Preložené z nemčiny
655 #7 - INDEX TERM--GENRE/FORM
Genre/form data or focus term švajčiarske romány (nemecky)
Source of term SNKPH
700 1# - ADDED ENTRY--PERSONAL NAME
Personal name Diamantová, Elena,
Dates associated with a name 1949-
Relationship trl
700 1# - ADDED ENTRY--PERSONAL NAME
Personal name Pernecký, Jozef
Relationship bjd
830 #0 - SERIES ADDED ENTRY--UNIFORM TITLE
Uniform title Spoločnosť priateľov krásnych kníh
942 ## - ADDED ENTRY ELEMENTS (KOHA)
Source of classification or shelving scheme Dewey Decimal Classification
Koha item type Krásna literatúra pre dospelých
Suppress in OPAC No
Holdings
Stav vyradenia Strata Poškodenie Spôsob nadobudnutia Domovská knižnica Aktuálna knižnica Dátum nadobudnutia Total checkouts Čiarový kód exemplára Date last seen Typ exemplára
      Dar Obecná knižnica Horná Štubňa Obecná knižnica Horná Štubňa 28.03.2026   4736202018 28.03.2026 Krásna literatúra pre dospelých
Projekt je podporený Slovenskou asociáciou knižníc
Prevádzkuje Turčianska knižnica Martin 2026